00711nam a2200217Ii 45000010005000000030009000050080041000140400033000550410008000880820017000961000020001132450010001332640053001433000012001963360026002083370028002343380027002629400050002899990017003399520137003562443CO-ViMGA241108s9999||||xx |||||||||||||| ||und|| aCO-ViMGAbspaerdacCO-ViMGA0 aspa04a813.5 - M19c1 aPaul May95115410aChris 1aBogotá, Colombia : Círculo de Lectores, 1978 avolumen atextbtxt2rdacontent aunmediatedbn2rdamedia avolumebnc2rdacarrier aidficha_siabuc: 2395. -- ficha_no_siabuc:2443 c45864d45864 001040708001aMEVIGERRbMEVIGERRcGENd2006-06-28o813.5 - M19cpECA16872r2024-11-26 09:29:16tEj.1w2024-11-26yBKz2395 | 2848